Combien de ville des Hautes Pyrénées (65) connais-tu ? - Statistiques

Statistiques générales
  • Ce quiz a été pris 18 fois
  • Le résultat moyen est 38 sur 469
Statistiques - réponses
Code Postal Ville % Correct
65000 Tarbes
94%
65100 Lourdes
75%
65200 Bagnères-de-Bigorre
69%
65600 Séméac
63%
65400 Argelès-Gazost
56%
65800 Aureilhan
56%
65420 Ibos
56%
65380 Lanne
56%
65100 Adé
50%
65100 Ger
50%
65250 Lannemezan
50%
65690 Barbazan-Debat
44%
65710 Campan
44%
65110 Cauterets
44%
65290 Juillan
44%
65310 Odos
44%
65380 Ossun
44%
65190 Tournay
44%
65500 Vic-en-Bigorre
44%
65321 Bordères-sur-l'Échez
38%
65800 Orleix
38%
65200 Pouzac
38%
65200 Trébons
38%
65400 Agos-Vidalos
31%
65120 Barèges
31%
65190 Luc
31%
65120 Luz-Saint-Sauveur
31%
65240 Mont
31%
65270 Saint-Pé-de-Bigorre
31%
65400 Saint-Savin
31%
65140 Tostat
31%
65440 Ancizan
25%
65400 Arcizans-Dessus
25%
65400 Arras-en-Lavedan
25%
65240 Arreau
25%
65400 Arrens-Marsous
25%
65240 Aspin-Aure
25%
65200 Asté
25%
65400 Aucun
25%
65360 Barbazan-Dessus
25%
65460 Bazet
25%
65190 Bordes
25%
65460 Bours
25%
65800 Chis
25%
65310 Laloubère
25%
65700 Maubourguet
25%
65200 Montgaillard
25%
65490 Oursbelille
25%
65260 Pierrefitte-Nestalas
25%
65230 Pouy
25%
65140 Rabastens-de-Bigorre
25%
65370 Sainte-Marie
25%
65170 Saint-Lary-Soulan
25%
65430 Soues
25%
65260 Adast
19%
65360 Allier
19%
65390 Andrest
19%
65560 Arbéost
19%
65360 Arcizac-Adour
19%
65100 Arcizac-ez-Angles
19%
65400 Arcizans-Avant
19%
65200 Argelès-Bagnères
19%
65100 Aspin-en-Lavedan
19%
65400 Ayros-Arbouix
19%
65710 Beaudéan
19%
65380 Bénac
19%
65400 Boô-Silhen
19%
65100 Bourréac
19%
65400 Estaing
19%
65400 Gaillagos
19%
65120 Gavarnie-Gèdre
19%
65200 Gerde
19%
65400 Gez
19%
65100 Les Angles
19%
65100 Lézignan
19%
65510 Loudenvielle
19%
65130 Mauvezin
19%
65200 Neuilh
19%
65350 Pouyastruc
19%
65600 Sarrouilles
19%
65100 Ségus
19%
65400 Sireix
19%
65220 Trie-sur-Baïse
19%
65240 Adervielle-Pouchergues
13%
65690 Angos
13%
65170 Aragnouet
13%
65240 Ardengost
13%
65100 Arrayou-Lahitte
13%
65400 Artalens-Souin
13%
65130 Artiguemy
13%
65200 Astugue
13%
65240 Aulon
13%
65390 Aurensan
13%
65700 Auriébat
13%
65380 Averan
13%
65400 Ayzac-Ost
13%
65380 Azereix
13%
65170 Azet
13%
65240 Bareilles
13%
65380 Barry
13%
65230 Barthe
13%
65140 Bazillac
13%
65400 Beaucens
13%
65190 Bégole
13%
65360 Bernac-Debat
13%
65360 Bernac-Dessus
13%
65350 Boulin
13%
65400 Bun
13%
65500 Caixon
13%
65130 Capvern
13%
65230 Castelnau-Magnoac
13%
65700 Castelnau-Rivière-Basse
13%
65120 Chèze
13%
65190 Clarac
13%
65130 Esparros
13%
65120 Esterre
13%
65560 Ferrières
13%
65100 Gazost
13%
65200 Hiis
13%
65310 Horgues
13%
65100 Juncalas
13%
65100 Lugagnan
13%
65320 Luquet
13%
65700 Madiran
13%
65500 Marsac
13%
65200 Mérilheu
13%
65360 Momères
13%
65350 Oléac-Debat
13%
65100 Omex
13%
65100 Paréac
13%
65400 Préchac
13%
65500 Saint-Lézer
13%
65360 Saint-Martin
13%
65140 Saint-Sever-de-Rustan
13%
65120 Saligos
13%
65120 Sazos
13%
65400 Uz
13%
65400 Vier-Bordes
13%
65150 Anères
6%
65370 Anla
6%
65140 Ansost
6%
65370 Antichan
6%
65220 Antin
6%
65200 Antist
6%
65230 Aries-Espénan
6%
65670 Arné
6%
65130 Arrodets
6%
65100 Arrodets-ez-Angles
6%
65500 Artagnan
6%
65100 Artigues
6%
65130 Asque
6%
65350 Aubarède
6%
65240 Avajan
6%
65660 Aventignan
6%
65370 Aveux
6%
65130 Avezac-Prat-Lahitte
6%
65200 Banios
6%
65140 Barbachen
6%
65100 Barlest
6%
65240 Barrancoueu
6%
65100 Bartrès
6%
65130 Batsère
6%
65670 Bazordan
6%
65170 Bazus-Aure
6%
65250 Bazus-Neste
6%
65130 Benqué-Molère
6%
65120 Betpouey
6%
65230 Betpouy
6%
65170 Bourisp
6%
65330 Castelbajac
6%
65350 Castelvieilh
6%
65350 Castéra-Lou
6%
65230 Casterets
6%
65130 Chelle-Spou
6%
65200 Cieutat
6%
65140 Escondeaux
6%
65130 Espèche
6%
65120 Esquièze-Sère
6%
65330 Galan
6%
65320 Gardères
6%
65240 Germ
6%
65100 Geu
6%
65100 Gez-ez-Angles
6%
65190 Goudon
6%
65170 Grailhen
6%
65120 Grust
6%
65190 Hitte
6%
65100 Jarret
6%
65250 La Barthe-de-Neste
6%
65200 Labassère
6%
65700 Labatut-Rivière
6%
65320 Lagarde
6%
65190 Lanespède
6%
65700 Larreule
6%
65700 Lascazères
6%
65350 Laslades
6%
65400 Lau-Balagnas
6%
65140 Lescurry
6%
65140 Liac
6%
65100 Loubajac
6%
65200 Loucrup
6%
65240 Loudervielle
6%
65290 Louey
6%
65370 Mauléon-Barousse
6%
65140 Monfaucon
6%
65670 Monléon-Magnoac
6%
65690 Montignac
6%
65500 Nouilhan
6%
65190 Oléac-Dessus
6%
65200 Ordizan
6%
65200 Orignac
6%
65380 Orincles
6%
65100 Ossen
6%
65100 Ossun-ez-Angles
6%
65100 Ourdis-Cotdoussan
6%
65400 Ouzous
6%
65100 Poueyferré
6%
65500 Pujo
6%
65590 Ris
6%
65400 Saint-Pastous
6%
65150 Saint-Paul
6%
65400 Salles
6%
65500 Sanous
6%
65370 Sarp
6%
65410 Sarrancolin
6%
65120 Sassis
6%
65320 Séron
6%
65370 Siradan
6%
65700 Soublecause
6%
65130 Tilhouse
6%
65200 Uzer
6%
65120 Viella
6%
65100 Viger
6%
65260 Villelongue
6%
65200 Visker
6%
65100 Berbérust-Lias
0%
65220 Bernadets-Debat
0%
65190 Bernadets-Dessus
0%
65370 Bertren
0%
65230 Betbèze
0%
65130 Bettes
0%
65410 Beyrède-Jumet-Camous
0%
65150 Bize
0%
65150 Bizous
0%
65220 Bonnefont
0%
65130 Bonnemazon
0%
65330 Bonrepos
0%
65590 Bordères-Louron
0%
65140 Bouilh-Devant
0%
65350 Bouilh-Péreuilh
0%
65130 Bourg-de-Bigorre
0%
65370 Bramevaque
0%
65220 Bugard
0%
65130 Bulan
0%
65190 Burg
0%
65140 Buzon
0%
65350 Cabanac
0%
65240 Cadéac
0%
65170 Cadeilhan-Trachère
0%
65190 Caharet
0%
65190 Calavanté
0%
65500 Camalès
0%
65170 Camparan
0%
65300 Campistrous
0%
65230 Campuzan
0%
65150 Cantaous
0%
65190 Castéra-Lanusse
0%
65130 Castillon
0%
65230 Caubous
0%
65700 Caussade-Rivière
0%
65370 Cazarilh
0%
65590 Cazaux-Debat
0%
65240 Cazaux-Fréchet-Anéran-Camors
0%
65350 Chelle-Debat
0%
65100 Cheust
0%
65230 Cizos
0%
65300 Clarens
0%
65350 Collongues
0%
65350 Coussan
0%
65370 Créchets
0%
65230 Devèze
0%
65350 Dours
0%
65170 Ens
0%
65370 Esbareich
0%
65250 Escala
0%
65500 Escaunets
0%
65130 Esconnets
0%
65130 Escots
0%
65100 Escoubès-Pouts
0%
65130 Espieilh
0%
65220 Estampures
0%
65240 Estarvielle
0%
65170 Estensan
0%
65700 Estirac
0%
65370 Ferrère
0%
65220 Fontrailles
0%
65220 Fréchède
0%
65130 Fréchendets
0%
65240 Fréchet-Aure
0%
65190 Fréchou-Fréchet
0%
65330 Galez
0%
65370 Gaudent
0%
65670 Gaussan
0%
65320 Gayan
0%
65250 Gazave
0%
65370 Gembrie
0%
65150 Générest
0%
65240 Génos
0%
65140 Gensac
0%
65200 Germs-sur-l'Oussouet
0%
65350 Gonez
0%
65240 Gouaux
0%
65130 Gourgue
0%
65240 Grézian
0%
65170 Guchan
0%
65240 Guchen
0%
65230 Guizerix
0%
65230 Hachan
0%
65700 Hagedet
0%
65200 Hauban
0%
65150 Hautaget
0%
65250 Hèches
0%
65700 Hères
0%
65380 Hibarette
0%
65330 Houeydets
0%
65350 Hourc
0%
65410 Ilhet
0%
65370 Ilheu
0%
65370 Izaourt
0%
65250 Izaux
0%
65350 Jacque
0%
65240 Jézeau
0%
65100 Julos
0%
65130 Labastide
0%
65130 Laborde
0%
65140 Lacassagne
0%
65700 Lafitole
0%
65300 Lagrange
0%
65700 Lahitte-Toupière
0%
65230 Lalanne
0%
65220 Lalanne-Trie
0%
65380 Lamarque-Pontacq
0%
65220 Lamarque-Rustaing
0%
65140 Laméac
0%
65240 Lançon
0%
65350 Lansac
0%
65220 Lapeyre
0%
65670 Laran
0%
65230 Larroque
0%
65670 Lassales
0%
65380 Layrisse
0%
65190 Lespouey
0%
65190 Lhez
0%
65330 Libaros
0%
65200 Lies
0%
65350 Lizos
0%
65150 Lombrès
0%
65130 Lomné
0%
65250 Lortet
0%
65350 Louit
0%
65370 Loures-Barousse
0%
65220 Lubret-Saint-Luc
0%
65220 Luby-Betmont
0%
65220 Lustar
0%
65300 Lutilhous
0%
65140 Mansan
0%
65350 Marquerie
0%
65200 Marsas
0%
65350 Marseillan
0%
65190 Mascaras
0%
65150 Mazères-de-Neste
0%
65220 Mazerolles
0%
65250 Mazouau
0%
65140 Mingot
0%
65670 Monlong
0%
65330 Montastruc
0%
65150 Montégut
0%
65250 Montoussé
0%
65150 Montsérié
0%
65190 Moulédous
0%
65140 Moumoulous
0%
65350 Mun
0%
65150 Nestier
0%
65150 Nistos
0%
65230 Organ
0%
65190 Orieux
0%
65320 Oroix
0%
65350 Osmets
0%
65190 Oueilloux
0%
65370 Ourde
0%
65100 Ourdon
0%
65100 Ousté
0%
65190 Ozon
0%
65240 Pailhac
0%
65130 Péré
0%
65190 Peyraube
0%
65230 Peyret-Saint-André
0%
65350 Peyriguère
0%
65270 Peyrouse
0%
65140 Peyrun
0%
65300 Pinas
0%
65320 Pintac
0%
65190 Poumarous
0%
65230 Puntous
0%
65220 Puydarrieux
0%
65330 Recurt
0%
65300 Réjaumont
0%
65190 Ricaud
0%
65350 Sabalos
0%
65330 Sabarros
0%
65370 Sacoué
0%
65220 Sadournin
0%
65170 Sailhan
0%
65250 Saint-Arroman
0%
65100 Saint-Créac
0%
65700 Saint-Lanne
0%
65150 Saint-Laurent-de-Neste
0%
65370 Saléchan
0%
65360 Salles-Adour
0%
65370 Samuran
0%
65230 Sariac-Magnoac
0%
65130 Sarlabous
0%
65390 Sarniguet
0%
65140 Sarriac-Bigorre
0%
65700 Sauveterre
0%
65140 Ségalas
0%
65150 Seich
0%
65140 Sénac
0%
65330 Sentous
0%
65400 Sère-en-Lavedan
0%
65100 Sère-Lanso
0%
65220 Sère-Rustaing
0%
65120 Sers
0%
65500 Siarrouy
0%
65190 Sinzos
0%
65700 Sombrun
0%
65350 Soréac
0%
65370 Sost
0%
65260 Soulom
0%
65350 Souyeaux
0%
65300 Tajan
0%
65500 Talazac
0%
65320 Tarasteix
0%
65370 Thèbe
0%
65230 Thermes-Magnoac
0%
65350 Thuy
0%
65150 Tibiran-Jaunac
0%
65220 Tournous-Darré
0%
65330 Tournous-Devant
0%
65170 Tramezaïgues
0%
65370 Troubat
0%
65140 Trouley-Labarthe
0%
65150 Tuzaguet
0%
65300 Uglas
0%
65140 Ugnouas
0%
65220 Vidou
0%
65700 Vidouze
0%
65360 Vielle-Adour
0%
65170 Vielle-Aure
0%
65240 Vielle-Louron
0%
65230 Vieuzos
0%
65120 Viey
0%
65170 Vignec
0%
65700 Villefranque
0%
65220 Villembits
0%
65230 Villemur
0%
65500 Villenave-près-Béarn
0%
65500 Villenave-près-Marsac
0%
65120 Viscos
0%
Aucun quiz correspondant
Distribution des résultats
% des personnes avec chaque résultat
Percentile par nombre de réponses
Votre historique - résultats
Vous n’avez pas pris ce quiz